Statistics for Celtic FC

Click here to take the quiz!

General Stats

  • This quiz has been taken 271 times
  • The average score is 8 of 15

Answer Stats

QuestionAnswer% Correct
Who did Celtic beat in their first ever matchRangers
99%
What trophy did celtic win in 1967European Cup
95%
Name of Celtic Ultras groupGreen Brigade
85%
Celtic played who in 2003 UEFA Cup FinalPorto
82%
Who scored the winner against barcelona in 2012Tony Watt
81%
Year Celtic was first formed1887
81%
In what stadium was Neil Lennon attacked when he was managerTynecastle
63%
Who founded CelticBrother Walfrid
56%
Celtic famously known for singing...Youll Never Walk Alone
54%
What Cup did Celtic win in 1953Coronation Cup
50%
Celtic qualified for Last 16 of UCL in 06/07 from a group including who?Manchester United
34%
Name of Celtics city rivalryThe Old Firm
26%
What two teams did Celtic go out of the UCL to in the one seasonLeiga Warsaw Maribor
8%
Celtics Top scorer in EuropeHenrick Larsson
6%
Nakamura scored a last minute freekick at rugby park to win whatSPL Trophy
2%

Score Distribution

Percentile by Number Answered

Percent of People with Each Score

Your Score History

You have not taken this quiz